| 000 | 01545nam0a2200361 4500 | ||
|---|---|---|---|
| 001 | RU\NLR\BIBL_A\012423254 | ||
| 005 | 20250630141148.0 | ||
| 010 |
_a978-5-6044472-6-0 _970 |
||
| 021 |
_aRU _bКН-П-20-051177 _9КН-П-20-3848 |
||
| 035 | _a(NLR Aleph) 012423254 | ||
| 035 | _a(RuMoRGB)010411219 | ||
| 090 |
_a11837949 _c11837949 |
||
| 100 | _a20201218d2020 u y0rusy50 ca | ||
| 101 | 0 | _arus | |
| 102 | _aRU | ||
| 105 | _ay zzzz0|||y | ||
| 181 | 0 |
_ai _baxxe |
|
| 182 | 0 | _an | |
| 200 | 1 |
_aСоляр _eэнерго-информационное обновление Пространства судьбы _fС. В. Симаков |
|
| 203 |
_aТекст _bвизуальный _cнепосредственный |
||
| 210 |
_aМосква _cКим Л. А. _d2020 |
||
| 215 |
_a824 с. _cил. _d25 |
||
| 300 | _aНа обороте тит. л. загл.: Соляр как энерго-информационное обновление | ||
| 517 | 1 | _aЭнерго-информационное обновление Пространства судьбы | |
| 517 | 1 | _aСоляр как энерго-информационное обновление | |
| 606 | 1 |
_aАстрология _91178522 _3RU\NLR\AUTH\66156241 |
|
| 686 | 1 | _aЭ391.211 | |
| 700 | 1 |
_7ca _8rus _aСимаков _bС. В. _cхудожник, эзотерик _f1955- _gСергей Васильевич _92653607 _3RU\NLR\AUTH\770281640 |
|
| 942 | _cBOOK | ||
| 980 | _aNB | ||
| 980 | _aNBR | ||